| 000 | 00674nam a22002177a 4500 | ||
|---|---|---|---|
| 005 | 20150916123123.0 | ||
| 010 | _aENG-113885 | ||
| 020 |
_a9789380599700 _c450.00 |
||
| 035 | _aEN-97417 | ||
| 037 | _bDBAD/PUB | ||
| 082 | _a611 | ||
| 100 | _aMitra, Samarendra | ||
| 245 |
_aAnatomy : _cby Samarendra Mitra _bsuperior, inferior & abdomen / |
||
| 250 | _a7th rev.ed & edited by Arunabha Tapadar | ||
| 260 |
_aKolkata _bAcademic Publishers _c2015 |
||
| 270 |
_a5A, Bhawani Dutta Lane, _bKolkata _e700073 |
||
| 300 |
_axii,452p. : _c25cm(pbk) _bill.(some col.) |
||
| 500 | _aIncludes index | ||
| 700 | _aTapadar, Arunabha | ||
| 942 |
_2ddc _cEN _mMIT _h611 |
||
| 999 |
_c96373 _d96373 |
||